Fiscal decentralization in Czech Republic building fiscal capacities
Vývoj fiškálnej decentralizácie v Českej republike od roku 1993 až do súčasnosti. Zameranie hlavne na najnižší stupeň verejnej správy (obce) a na zmeny, ktoré u nich nastali po reforme verejnej správy. Diskutovaný je objem finančných zdrojov, ich štruktúra (daňové, nedaňové, kapitálové príjmy a dotá...
Saved in:
| Main Author: | |
|---|---|
| Other Authors: | , |
| Format: | Book Chapter |
| Language: | English |
| Subjects: | |
| Tags: |
No Tags, Be the first to tag this record!
|
MARC
| LEADER | 00000naa$a2200000$$$4500 | ||
|---|---|---|---|
| 001 | 0003618 | ||
| 005 | 20231004075920.7 | ||
| 041 | 0 | |a eng | |
| 044 | |a CZ | ||
| 245 | 1 | 0 | |a Fiscal decentralization in Czech Republic building fiscal capacities |c aut. Robert Jahoda, Jitka Peková, Jan Šelešovský |
| 520 | |a Vývoj fiškálnej decentralizácie v Českej republike od roku 1993 až do súčasnosti. Zameranie hlavne na najnižší stupeň verejnej správy (obce) a na zmeny, ktoré u nich nastali po reforme verejnej správy. Diskutovaný je objem finančných zdrojov, ich štruktúra (daňové, nedaňové, kapitálové príjmy a dotácie) a užitie. Zvláštna pozornosť je venovaná vlastným príjmom - možnostiam ich zvyšovania. Na skutočných daňových príjmoch obcí z rokov 2000 a 2001 je analyzovaný dopad zmeny rozpočtového určenia daní. Doporučenie konkrétnej zmeny alokácie príjmov obcí, ktoré by posilnili finančnú sebestačnosť obcí. | ||
| 610 | 2 | 0 | |a decentralizácia |
| 610 | 2 | 0 | |a politika rozpočtová |
| 610 | 2 | 0 | |a zdroje finančné |
| 610 | 2 | 0 | |a príjmy |
| 610 | 2 | 0 | |a obce |
| 610 | 2 | 0 | |a rozpočty |
| 610 | 2 | 0 | |a Česko |
| 100 | 1 | |a Jahoda, Robert | |
| 700 | 1 | |a Peková, Jitka | |
| 700 | 1 | |a Šelešovský, Jan | |